000
00276 a2200109 4500
000
nam a22 7a 4500
005
20260202115720.0
100
_a
Holt, Elizabeth H.
_9
1113081
245
_a
Goodman's Basic Medical Endocrinology
260
_b
Elsevier
_c
2021
942
_c
TEXL
999
_c
1678460
_d
1678460